Quizzes
Events
Quiz Creation
Community
Videos
Private Events
Remove Ads
Sign In
Join for FREE
Feedback
Dark Mode
Quiz Categories
Sports
Geography
Music
Movies
Television
Just For Fun
Miscellaneous
History
Literature
Language
Science
Gaming
Entertainment
Religion
Holiday
For Kids
Quiz Lab
Recent
Popular Today
Quiz Kudos Today
Editor Picks
Curator Picks
Quizzes by...
Day
Popularity
Type
Ratings
Length
Year
Community
Subscriptions
Recent Discussions
Orange Saloon
Badges
Playlists
Quests
Create
Leaderboards
Showdown
Live 5
Trivia Bingo
Activity
Puzzle Library
Sporcle Events
Private Events
Virtual Trivia
Globe League
Become a Host
Pub Owners
SporcleCon
Opinionation
Our Games
Videos
Blog
Mobile Apps
Partnerships
Remove Ads and Go Orange
Feedback
Movies
Disney
Marvel Cinematic Universe
Movie Resume
Movie Titles
Oscar
Actor
Actress
Director
Pixar
Role
Movie Quotes
Movie Characters
Box Office
Nominee
Best Picture
Star Wars
James Bond
Horror Movies
Movies
Disney
Marvel Cinematic Universe
Movie Resume
Movie Titles
Oscar
Actor
Actress
Director
Pixar
Role
Movie Quotes
Movie Characters
Box Office
Nominee
Best Picture
Star Wars
James Bond
Horror Movies
Random Quiz
Search Sporcle
×
Curator Pick
Curator Pick
Movies
Actor
Type in answers that appear in a list
Type in answers that appear in a list
Classic
Best Score? Go Orange.
Jack Lemmon/Walter Matthau Movies Stats
Can you name the the films starring both Jack Lemmon and Walter Matthau?
By
gandalf
5m
10 Questions
275 Plays
275 Plays
275 Plays
Comments
Comments
Give Quiz Kudos
Give Quiz Kudos
-
- Ratings
hide this ad
Replay
Link that replays current quiz
Next Quiz
Link to next quiz in quiz playlist
You Got
0%
They Got
Avg Score
65%
Avg Friend Score
Upgrade to see
Score Distribution
Jump to the score distribution portion of the page
Score
0/10
Timer
05:00
0
Plays Today
Year
Film
% Correct
1968
The Odd Couple
96%
1993
Grumpy Old Men
92.7%
1995
Grumpier Old Men
89.1%
1998
The Odd Couple II
73.1%
1966
The Fortune Cookie
66.2%
1997
Out to Sea
62.9%
1991
JFK
53.1%
1974
The Front Page
51.6%
1981
Buddy Buddy
46.9%
1996
The Grass Harp
27.3%
Quiz Playlist
Details
Report
Send in Message
Add To Playlist
Classic:
Type in answers that appear in a list
Last Updated: Aug 7, 2017
Curator Pick in
Actor
Quiz Scoreboard
CHALLENGE
Sign Up to Join the Scoreboard
Show All
Scores
Hide
Comments
May contain spoilers
Recently Published
Decade Duel: World Leaders
by jenniferyan
History
4m
Alphabetical 'K' Countries by Flag Minefield
by ylime102
Geography
3m
Pick 6: Fruits
by JohnFran
Miscellaneous
15s
More to Explore
Quiz From the Vault
Featured Blog Post
15 Basketball Trivia Facts You Can Be March Mad About
hide this ad
You Might Also Like...
Tags
Actor Quiz
jack
Jack Lemmon
lemmon
matthau
Starring
Walter
Walter Matthau
Today's Top Quizzes in Movies
Browse Movies
hide this ad
Today's Top Quizzes in Actor
Browse Actor
Top Contributed Quizzes in Movies
1
Pick 6: Harry Potter
2
Pick 6: Movie Franchises
3
Pick 6: Actors
4
Pick 6: Actresses
5
Pick 6: Disney Princesses
6
Match The President To The Fictional Crisis
7
Movies of the Seasons
8
Seasonal Films
9
Movie Seasons
10
Harry Potter Logic Puzzle
Explore More
Trending Topics
Kpop
Crossword
Marvel
NBA
Harry Potter
Disney
Anime
Country
Puzzle
Song
Pokémon
The Office
NFL
WWE
Soccer
hide this ad
More By:
gandalf
Quiz
Plays
Rating
Category
Featured
Created
Two Syllable Countries
88,910
4.07
Geography
Oct 17, 2009
Abbott and Costello Movies
4,025
3.30
Movies
Oct 18, 2009
AFI 100 Directors with Multiple Films
3,586
4.08
Movies
Nov 1, 2009
I Love Lucy Trivia
2,910
3.86
Television
Dec 20, 2009
50 Greatest Cartoon Characters
1,781
2.25
Entertainment
Apr 10, 2010
Go to Creator's Profile
Score Distribution
Quiz Creator Spotlight
gandalf
Follow
Send a Message
Quizzes Created
-
Created Quiz Play Count
-
More By This Creator
Popular Quizzes Today
1
Countries of Asia Without Outlines Minefield
2
Find the US States - No Outlines Minefield
3
Pick 6: Fruits
4
Alphabetical 'K' Countries by Flag Minefield
5
The Countries of the World
6
Find the Countries of Europe - No Outlines Minefield
7
Find the US States
8
US States
More Movies Quizzes
1990s Movies by Poster
Published
Trending Quizzes
Pick 6: Mountains
Pick 6: Harry Potter
Pick 6: Flags
Pick 6: NFL Teams
Pick 6: Movie Franchises
Recently Updated
Adaptations: Name the Title
pecheneg
NWSL Teams
pecheneg
Women's Final Four Teams by Year
bhenderson79
Presidents Quartet II
eogle
Anything But Clue(do)
eogle
Anything But Oceanian Capitals
eogle
Anything But 7
eogle
Anything But Thing
eogle
Word Ladder: February 29
pecheneg
Song Title Questions
pecheneg
Trending Topics
Harry Potter
Crossword
Kpop
Marvel
Anime
NBA
Disney
Soccer
Puzzle
Pokémon
WWE
NFL
Song
Country
The Office
Your Account Isn't Verified!
In order to create a playlist on Sporcle, you need to verify the email address you used during registration. Go to your
Sporcle Settings
to finish the process.
Report this User
Report this user for behavior that violates our
Community Guidelines
.
Details:
Send Report
Go to the Sporcle.com Mobile Site →
Comments